000
00262nam a2200109Ia 4500
008
170627s9999 xx 000 0 und d
100
_a
TAYLOR- SHIRLEY
245
0
_a
COMMUNICATION FOR BUSINESS
260
_b
PEARSON
260
_c
2005
546
_a
ENGLISH
690
_a
TECHNICAL COMUNICATION
999
_c
35324
_d
35324